000 00656cam a22002171 4500
001 sa 63004926
003 DLC
005 20260227111952.0
008 940729s1963 ii c 000 1 pano
010 _asa 63004926
025 _aPL480:I-Pu-267
035 _a(OCoLC)30853769
040 _aDLC
_cCU
_dCU
_dNSyU
_dDLC
042 _apremarc
050 0 0 _aPK2659.S686
_bJ5
100 1 _aSiṅgha, Utama.
245 1 0 _aJhūmadā Pañjāba;
_bloka gīta ... daraja hana,
_clekhaka Utama Siṅgha 'Teja' Ammritasarī.
260 _aAmmritasara,
_bBhāī Utama Siṅgha Gurabacana Siṅgha
_c[1963?]
300 _a128 p.
_bport.
_c19 cm.
500 _aIn Panjabi.
999 _c55933
_d55933